[Event "Lichtenberger Sommer 2023"]
[Site "Berlin"]
[Date "2023.08.19"]
[Round "8.89"]
[White "Franchina, Giuseppe"]
[Black "Hieronimus, Matthias"]
[Result "0-1"]
[WhiteElo "1200"]
[BlackElo "1673"]
[PlyCount "146"]
[EventDate "2023.??.??"]
[WhiteTeam "vereinslos"]
[BlackTeam "vereinslos"]

1. e4 c5 2. Nc3 g6 3. Nf3 Bg7 4. Bc4 e6 5. O-O Nc6 6. d3 a6 7. Bg5 Qc7 8. Ne2
b5 9. Bb3 Nge7 10. c3 O-O 11. d4 c4 12. Bc2 d5 13. exd5 Nxd5 14. Be4 Nf6 15.
Bf4 Qb6 16. Bxc6 Qxc6 17. Ne5 Qb7 18. f3 Nd5 19. Qd2 Nxf4 20. Qxf4 f6 21. Ng4
e5 22. dxe5 fxe5 23. Nh6+ Kh8 24. Qd2 Qb6+ 25. Kh1 Be6 26. Ng3 Rad8 27. Qg5 Bf6
28. Qc1 Rd3 29. Ng4 Bg7 30. Qe1 Qc7 31. Nf2 Rd5 32. Nfe4 Rfd8 33. Ng5 Bg8 34.
N3e4 Qe7 35. Qh4 Bf6 36. f4 Bxg5 37. Nxg5 exf4 38. Qxf4 Qxg5 39. Qxg5 Rxg5 40.
Rf6 Rgd5 41. Raf1 Rd1 42. Kg1 Rxf1+ 43. Kxf1 Ra8 44. Kf2 Kg7 45. Rc6 Ra7 46. g4
Bd5 47. Rc5 Be4 48. Ke3 Bb1 49. a3 Re7+ 50. Kf4 Re4+ 51. Kg5 h6+ 52. Kh4 g5+
53. Kh5 Rf4 54. Rc7+ Rf7 55. Rxf7+ Kxf7 56. Kxh6 Kf6 57. Kh5 Be4 58. h3 Bg2 59.
h4 gxh4 60. g5+ Kg7 61. Kxh4 a5 62. Kg3 Bd5 63. Kf4 Kg6 64. Kg4 Be6+ 65. Kh4
Kf5 66. Kh5 Bf7+ 67. Kh6 Bg6 68. a4 bxa4 69. b4 axb3 70. Kg7 b2 71. Kh6 b1=Q
72. Kg7 Qb7+ 73. Kf8 Qf7# 0-1

[Event "Lichtenberger Sommer 2023"]
[Site "Berlin"]
[Date "2023.08.19"]
[Round "8.90"]
[White "Mielchen, Marvin"]
[Black "Maart, Hagen"]
[Result "1-0"]
[WhiteElo "1000"]
[BlackElo "1334"]
[PlyCount "107"]
[EventDate "2023.??.??"]
[WhiteTeam "vereinslos"]
[BlackTeam "Kieler SG von 18"]

1. d4 e6 2. Bf4 d5 3. c3 c5 4. Nd2 Nc6 5. h3 Qb6 6. Qb3 c4 7. Qxb6 axb6 8. Ngf3
Be7 9. e4 Nf6 10. e5 Nd7 11. Be2 b5 12. O-O b4 13. g4 bxc3 14. bxc3 b5 15. a3
Rxa3 16. Rxa3 Bxa3 17. Ra1 b4 18. Ra2 bxc3 19. Rxa3 cxd2 20. Bxd2 O-O 21. Bc3
f6 22. exf6 Nxf6 23. Ng5 h6 24. Nf3 Ne4 25. h4 Nxc3 26. Rxc3 Rf4 27. g5 Nxd4
28. Nxd4 Rxd4 29. g6 Rxh4 30. Ra3 Kf8 31. Ra8 Ke7 32. Rxc8 Kf6 33. Rc6 Kf5 34.
Bd1 Rh3 35. Kg2 Ra3 36. Bc2+ Kf6 37. Rc7 c3 38. Rf7+ Ke5 39. Rxg7 Ra2 40. Bb3
Ra8 41. Rf7 Rg8 42. g7 d4 43. Bc2 Kd6 44. Bh7 e5 45. Bxg8 c2 46. Rf6+ Kc5 47.
Bh7 c1=Q 48. g8=Q Qg5+ 49. Qxg5 hxg5 50. Rf5 d3 51. Rxe5+ Kd4 52. Re1 d2 53.
Rd1 Kc3 54. Kf1 1-0

[Event "Lichtenberger Sommer 2023"]
[Site "Berlin"]
[Date "2023.08.19"]
[Round "8.91"]
[White "Dragnev, Stoyan"]
[Black "Bernhofen, Helmut"]
[Result "0-1"]
[WhiteElo "1100"]
[BlackElo "1549"]
[PlyCount "62"]
[EventDate "2023.??.??"]
[WhiteTeam "vereinslos"]
[BlackTeam "SC Kreuzberg e.V."]

1. d4 Nf6 2. Bf4 g6 3. e3 Bg7 4. Bd3 d6 5. c3 O-O 6. Nd2 c5 7. h4 h6 8. e4 cxd4
9. Ndf3 e5 10. Bd2 dxc3 11. bxc3 Be6 12. Qc1 Ng4 13. h5 Qb6 14. Nh3 Nd7 15.
Nhg5 Qxf2+ 16. Kd1 hxg5 17. Nxg5 Qxg2 18. Kc2 Rac8 19. c4 Bxc4 20. Qa3 Bxd3+
21. Kb2 Qxd2+ 22. Kb3 Rc3+ 23. Kb4 Rxa3+ 24. Kxa3 a5 25. Rab1 Bxb1 26. Rxb1
Qxg5 27. Rxb7 Nc5 28. Rb5 Qe3+ 29. Kb2 Na4+ 30. Ka1 Qc3+ 31. Rb2 Qxb2# 0-1

[Event "Lichtenberger Sommer 2023"]
[Site "Berlin"]
[Date "2023.08.19"]
[Round "8.92"]
[White "Rohde, Carmen"]
[Black "Biermann, Oliver"]
[Result "1-0"]
[WhiteElo "1000"]
[BlackElo "1174"]
[PlyCount "75"]
[EventDate "2023.??.??"]
[WhiteTeam "SV Mattnetz Berlin e.V."]
[BlackTeam "SC Kreuzberg e.V."]

1. e4 e6 2. d4 d5 3. e5 c5 4. Nf3 Nc6 5. Be3 Qb6 6. b3 Nge7 7. Nc3 Qb4 8. Qd2
Nf5 9. Nb5 Qxd2+ 10. Bxd2 Rb8 11. Be2 Be7 12. h3 O-O 13. g4 Nh4 14. Nxh4 Bxh4
15. dxc5 a6 16. Nc3 Nd4 17. Rc1 Be7 18. b4 Bd7 19. Be3 Nc6 20. Bd2 Nxb4 21. Be3
Rfd8 22. a3 Nc6 23. Rd1 Nxe5 24. Bf4 f6 25. g5 Rbc8 26. gxf6 Bxf6 27. Be3 Bc6
28. Rg1 Nc4 29. Nb1 Nxe3 30. fxe3 Be7 31. Bg4 Bh4+ 32. Kd2 Rd6 33. cxd6 Rd8 34.
Bxe6+ Kh8 35. Rdf1 g6 36. Rg4 Bb5 37. Rf7 b6 38. Rxh4 1-0

[Event "Lichtenberger Sommer 2023"]
[Site "Berlin"]
[Date "2023.08.19"]
[Round "8.93"]
[White "Reißmann, Edmund"]
[Black "Lippianowski, Stefan"]
[Result "1-0"]
[WhiteElo "1094"]
[BlackElo "1064"]
[PlyCount "41"]
[EventDate "2023.??.??"]
[WhiteTeam "SV Erzgebirge Stollber"]
[BlackTeam "SV Mattnetz Berlin e.V."]

1. d4 d5 2. c4 Nf6 3. Bg5 h6 4. Bh4 g5 5. Bg3 Bg7 6. Nc3 Nc6 7. e3 Bg4 8. Qb3
b6 9. cxd5 Na5 10. Qc2 Nb7 11. Bd3 Nd6 12. Nge2 h5 13. h3 Bd7 14. O-O-O h4 15.
Be5 e6 16. dxe6 Bxe6 17. Nb5 Rc8 18. Kb1 Bf8 19. Qa4 Rg8 20. Nxd6+ Ke7 21.
Nxc8+ 1-0

[Event "Lichtenberger Sommer 2023"]
[Site "Berlin"]
[Date "2023.08.20"]
[Round "9.1"]
[White "Colpe, Malte"]
[Black "Holinka, Henning"]
[Result "1/2-1/2"]
[WhiteElo "2381"]
[BlackElo "2241"]
[PlyCount "55"]
[EventDate "2023.??.??"]
[WhiteTeam "Hamburger SK von 1830 eV"]
[BlackTeam "Hamburger SK von 1830 eV"]

1. d4 d5 2. c4 e6 3. Nf3 Nf6 4. Nc3 c5 5. e3 Nc6 6. a3 a6 7. cxd5 exd5 8. dxc5
Bxc5 9. b4 Ba7 10. b5 axb5 11. Nxb5 O-O 12. Be2 Ne4 13. O-O Bc5 14. Bb2 Be6 15.
Nfd4 Nxd4 16. Bxd4 Qa5 17. Bxc5 Nxc5 18. Rb1 Ne4 19. Rb4 Qb6 20. Qd3 Rfc8 21.
Rfb1 Qc5 22. f3 Nc3 23. Nxc3 Qxc3 24. Qxc3 Rxc3 25. Rxb7 g6 26. Rb8+ Rxb8 27.
Rxb8+ Kg7 28. Kf2 1/2-1/2

[Event "Lichtenberger Sommer 2023"]
[Site "Berlin"]
[Date "2023.08.20"]
[Round "9.2"]
[White "Nötzel, Felix"]
[Black "Hesse, Henrik"]
[Result "0-1"]
[WhiteElo "2169"]
[BlackElo "2266"]
[PlyCount "48"]
[EventDate "2023.??.??"]
[WhiteTeam "SF Berlin 1903 e.V."]
[BlackTeam "SV Mattnetz Berlin e.V."]

1. c4 Nf6 2. Nc3 e6 3. e4 c5 4. g3 Nc6 5. Bg2 d5 6. exd5 exd5 7. Nxd5 Nxd5 8.
cxd5 Nb4 9. Ne2 Bf5 10. Qa4+ Qd7 11. Qxd7+ Kxd7 12. O-O Bd3 13. Nc3 Nc2 14. Rb1
Nd4 15. Re1 Bd6 16. Re3 Bxb1 17. Nxb1 Rhe8 18. Nc3 f5 19. d3 b5 20. Bd2 b4 21.
Nd1 a5 22. h3 a4 23. Kf1 a3 24. b3 Nxb3 0-1

[Event "Lichtenberger Sommer 2023"]
[Site "Berlin"]
[Date "2023.08.20"]
[Round "9.3"]
[White "Brüdigam, Martin"]
[Black "Tiarks, Jann-Christian"]
[Result "1-0"]
[WhiteElo "2362"]
[BlackElo "2211"]
[PlyCount "120"]
[EventDate "2023.??.??"]
[WhiteTeam "SK König Tegel 1949 e.V."]
[BlackTeam "SC Empor Potsdam 1952 e.V."]

1. e4 e5 2. Nf3 Nf6 3. Nxe5 d6 4. Nf3 Nxe4 5. d4 d5 6. Bd3 Nc6 7. O-O Be7 8.
Nbd2 Bf5 9. Re1 Nxd2 10. Qxd2 Bg6 11. Qe2 O-O 12. Bf4 Bf6 13. c3 Qd7 14. Bxg6
hxg6 15. Qb5 b6 16. Re2 Rad8 17. Qa6 Be7 18. Rae1 Bd6 19. Bxd6 Qxd6 20. Re3 Qd7
21. Qe2 a5 22. Ng5 Qf5 23. h4 Nb8 24. Re5 Qf6 25. Nf3 c6 26. a4 Qd6 27. Re7 Rd7
28. Re3 Rdd8 29. g3 Nd7 30. Kg2 Ra8 31. Re7 Nf6 32. Qe5 Qd8 33. Qc7 Rc8 34.
Qxd8 Rcxd8 35. Rb7 b5 36. Ree7 bxa4 37. Ne5 Ne4 38. Nxc6 Rde8 39. Rb5 Rc8 40.
Rxe4 Rxc6 41. Re3 a3 42. bxa3 Rfc8 43. Rxd5 a4 44. Ra5 Rc4 45. d5 Rxc3 46. Rxc3
Rxc3 47. Ra8+ Kh7 48. Rxa4 Rd3 49. Ra5 g5 50. hxg5 Kg6 51. f4 Kf5 52. Kh3 Ke4
53. Kg4 f5+ 54. gxf6 gxf6 55. Ra4+ Kxd5 56. Kf5 Rxg3 57. Kxf6 Rf3 58. f5 Kc6
59. Ke6 Re3+ 60. Kf7 Kd7 1-0

[Event "Lichtenberger Sommer 2023"]
[Site "Berlin"]
[Date "2023.08.20"]
[Round "9.4"]
[White "Förster, Jonas"]
[Black "Federau, Jürgen"]
[Result "1/2-1/2"]
[WhiteElo "2262"]
[BlackElo "2054"]
[PlyCount "46"]
[EventDate "2023.??.??"]
[WhiteTeam "SV Empor Berlin e.V."]
[BlackTeam "SC Kreuzberg e.V."]

1. Nf3 Nf6 2. e3 d5 3. c4 e6 4. b3 c5 5. Bb2 Nc6 6. cxd5 exd5 7. Bb5 Bd7 8. O-O
Bd6 9. d4 cxd4 10. Bxc6 bxc6 11. Qxd4 O-O 12. Nc3 Qe7 13. h3 Rfd8 14. Rad1 c5
15. Qd3 Bc6 16. Qf5 Qe6 17. Qxe6 fxe6 18. Ne2 Bb5 19. Rfe1 h6 20. Nf4 Kf7 21.
Nd3 Bxd3 22. Rxd3 a5 23. Nd2 a4 1/2-1/2

[Event "Lichtenberger Sommer 2023"]
[Site "Berlin"]
[Date "2023.08.20"]
[Round "9.5"]
[White "Polatel, Ali"]
[Black "Lorenz, Sascha"]
[Result "0-1"]
[WhiteElo "2154"]
[BlackElo "2261"]
[PlyCount "148"]
[EventDate "2023.??.??"]
[WhiteTeam "SC Zugzwang 95 e.V."]
[BlackTeam "SK König Tegel 1949 e.V."]

1. Nf3 d5 2. b3 Bg4 3. Bb2 Nd7 4. g3 e5 5. d3 Bd6 6. Bg2 Ngf6 7. O-O O-O 8.
Nbd2 Re8 9. e4 c6 10. h3 Bh5 11. Qe1 a5 12. a4 Qc7 13. g4 Bg6 14. Nh4 d4 15.
Nf5 Bf8 16. Bc1 Nc5 17. Nc4 Ne6 18. Bd2 b6 19. Qe2 Bb4 20. Bxb4 axb4 21. Ng3 b5
22. Nb2 h5 23. Qd2 hxg4 24. hxg4 Qe7 25. f3 Nd7 26. Ne2 Nb6 27. a5 Nd7 28. Ra2
Ra6 29. Rfa1 Rea8 30. Nd1 c5 31. Nf2 f6 32. f4 exf4 33. Nxf4 Nxf4 34. Qxf4 Qe5
35. Nh3 Bf7 36. g5 Qxf4 37. Nxf4 fxg5 38. Nd5 Bxd5 39. exd5 R8a7 40. Bh3 Nf6
41. Bc8 Rd6 42. a6 Nxd5 43. Re1 Kf8 44. Re5 c4 45. bxc4 bxc4 46. dxc4 Nc3 47.
Rb2 Rc6 48. Bb7 Rxc4 49. Rxg5 Kf7 50. Kf1 Kf6 51. Rg2 Nd1 52. Ra2 Ne3+ 53. Kf2
Nxg2 54. Kxg2 Ke5 55. Kf3 Rc3+ 56. Ke2 Kd6 57. Kd2 g5 58. Ra5 Rc5 59. Ra1 g4
60. Rg1 Rg5 61. Kd3 Kc5 62. Rg3 Rg8 63. Rg1 g3 64. Rg2 Rg7 65. Ke4 Kc4 66. Ke5
Kc3 67. Kd5 d3 68. cxd3 b3 69. Kc6 Rg6+ 70. Kb5 b2 71. Rg1 g2 72. d4 Kxd4 73.
Ka5 Kc5 74. Bc8 Rb6 0-1

[Event "Lichtenberger Sommer 2023"]
[Site "Berlin"]
[Date "2023.08.20"]
[Round "9.6"]
[White "Dathe, Frederick"]
[Black "Tscheuschner, Georg"]
[Result "0-1"]
[WhiteElo "2075"]
[BlackElo "2229"]
[PlyCount "72"]
[EventDate "2023.??.??"]
[WhiteTeam "SC Kreuzberg e.V."]
[BlackTeam "SV Mattnetz Berlin e.V."]

1. Nf3 Nf6 2. c4 e6 3. b3 d5 4. Bb2 c5 5. cxd5 exd5 6. e3 Nc6 7. Be2 Bd6 8. Nc3
O-O 9. d4 cxd4 10. Nxd4 Re8 11. O-O a6 12. Nxc6 bxc6 13. Rc1 h5 14. Na4 Ng4 15.
Bxg4 hxg4 16. f4 g3 17. Qd4 gxh2+ 18. Kh1 Bf8 19. Rxc6 Re4 20. Qc3 Bd7 21. Rc5
Bxa4 22. bxa4 d4 23. exd4 Bxc5 24. dxc5 Qf6 25. Qf3 Qf5 26. c6 f6 27. c7 Rc8
28. Qd3 Kf7 29. Qb3+ Qe6 30. Qf3 Re1 31. f5 Rxf1+ 32. Qxf1 Qc6 33. Qd1 Rxc7 34.
Kxh2 Rc8 35. Qb3+ Qc4 36. Qb7+ Qc7+ 0-1

[Event "Lichtenberger Sommer 2023"]
[Site "Berlin"]
[Date "2023.08.20"]
[Round "9.7"]
[White "Florstedt, Johannes"]
[Black "Hommel, Niclas"]
[Result "1/2-1/2"]
[WhiteElo "2386"]
[BlackElo "2043"]
[PlyCount "120"]
[EventDate "2023.??.??"]
[WhiteTeam "SF Berlin 1903 e.V."]
[BlackTeam "TSG Oberschöneweide e.V."]

1. c4 g6 2. g3 Bg7 3. Bg2 c5 4. Nc3 Nc6 5. Nf3 e6 6. d4 cxd4 7. Nb5 d5 8. cxd5
exd5 9. O-O Nge7 10. Nbxd4 O-O 11. Be3 Re8 12. Re1 Nf5 13. Nxf5 Bxf5 14. Bd4
Nxd4 15. Nxd4 Be4 16. f3 Qb6 17. e3 Bf5 18. Nxf5 gxf5 19. Qxd5 Rxe3 20. Kh1
Rae8 21. Rxe3 Qxe3 22. Qxf5 Qf2 23. Bf1 Re1 24. Rxe1 Qxe1 25. Qc8+ Bf8 26. Qg4+
Bg7 27. Qc8+ Bf8 28. Qc4 Qf2 29. Qe2 Qxe2 30. Bxe2 a5 31. Kg2 Kg7 32. Kh3 Bc5
33. Kg4 Bd4 34. b3 b6 35. Kf5 h6 36. Bc4 Bf2 37. Ke5 f6+ 38. Kf4 Kg6 39. Be6
Kg7 40. Kg4 Kg6 41. f4 Bc5 42. Kf3 Bb4 43. Bd7 Kg7 44. Be8 Kf8 45. Bh5 Kg7 46.
Ke4 Be1 47. Kd5 Bf2 48. Kc6 Bg1 49. h3 Bf2 50. g4 Be3 51. Kb5 Kf8 52. Bg6 Kg7
53. Be4 Kf7 54. Kc6 Kg7 55. Bd5 Kf8 56. Bc4 Kg7 57. f5 Kf8 58. Kd7 Bf2 59. Ke6
Kg7 60. Kd5 Kf8 1/2-1/2

[Event "Lichtenberger Sommer 2023"]
[Site "Berlin"]
[Date "2023.08.20"]
[Round "9.8"]
[White "Hommer, Jeremy"]
[Black "Beyer, Lorenz"]
[Result "1/2-1/2"]
[WhiteElo "2308"]
[BlackElo "1994"]
[PlyCount "120"]
[EventDate "2023.??.??"]
[WhiteTeam "Hamburger SK von 1830 eV"]
[BlackTeam "Barnimer SF im SV Sta"]

1. e4 e6 2. d4 d5 3. e5 c5 4. c3 Nc6 5. Nf3 Qb6 6. Bd3 Bd7 7. O-O cxd4 8. Re1
Nge7 9. h4 g6 10. Nbd2 Bg7 11. Nb3 dxc3 12. bxc3 Qc7 13. Qe2 Na5 14. Ba3 Nc8
15. Rac1 Nc4 16. Bxc4 Qxc4 17. Qb2 Bf8 18. Bxf8 Kxf8 19. Na5 Qa6 20. Qxb7 Qxb7
21. Nxb7 Rb8 22. Rb1 Ke7 23. Nd4 Nb6 24. Nd6 Na4 25. c4 dxc4 26. Nxc4 Nc3 27.
Rxb8 Rxb8 28. a3 Rb1 29. Rxb1 Nxb1 30. f4 a6 31. Nc2 Bb5 32. Nb2 a5 33. a4 Bd7
34. Nd4 Nc3 35. Nb3 Bxa4 36. Nxa5 Bb5 37. Kf2 f6 38. Nb3 h6 39. Nd4 Bd7 40. Nd3
g5 41. exf6+ Kxf6 42. Nc5 Bc8 43. Nc6 Nb5 44. fxg5+ hxg5 45. Ne4+ Kf5 46. Nxg5
Bb7 47. Nb4 Kg4 48. g3 Nd4 49. Nd3 Nf5 50. Ne5+ Kh5 51. Nxe6 Nxh4 52. g4+ Kh6
53. Kg3 Ng6 54. g5+ Kh7 55. Nd7 Ne7 56. Nf6+ Kg6 57. Kf4 Nd5+ 58. Ke5 Bc8 59.
Ne4 Bxe6 60. Kxe6 Nf4+ 1/2-1/2

[Event "Lichtenberger Sommer 2023"]
[Site "Berlin"]
[Date "2023.08.20"]
[Round "9.9"]
[White "Hess, Christian"]
[Black "Guenther, Thomas"]
[Result "1-0"]
[WhiteElo "2210"]
[BlackElo "1945"]
[PlyCount "75"]
[EventDate "2023.??.??"]
[WhiteTeam "FC ST.Pauli 1910 eV SAbt"]
[BlackTeam "vereinslos"]

1. Nf3 Nf6 2. c4 b6 3. d4 e6 4. e3 Bb7 5. Bd3 Bb4+ 6. Nbd2 O-O 7. O-O d5 8. b3
Nbd7 9. Bb2 Be7 10. Qc2 c5 11. cxd5 exd5 12. Ne5 cxd4 13. Nxd7 Qxd7 14. Bf5 Qd8
15. Bxd4 g6 16. Bd3 Rc8 17. Qb2 Qd6 18. Rad1 Ng4 19. Nf3 Bf6 20. h3 Bxd4 21.
Qxd4 Nf6 22. Rd2 Qe7 23. Rfd1 Ne4 24. Bxe4 dxe4 25. Ne5 f6 26. Nc4 Rc5 27. Qd7
Rc7 28. Qd4 Rc5 29. Nd6 Ba8 30. b4 Rc7 31. Nb5 Rb7 32. Qc4+ Kh8 33. Rd4 f5 34.
Rd6 a6 35. Nc3 b5 36. Qd4+ Qg7 37. Rxa6 Rc8 38. Qd8+ 1-0

[Event "Lichtenberger Sommer 2023"]
[Site "Berlin"]
[Date "2023.08.20"]
[Round "9.10"]
[White "Nöldner, Julian"]
[Black "Verbitsky, Jaroslaw"]
[Result "1/2-1/2"]
[WhiteElo "2175"]
[BlackElo "1901"]
[PlyCount "84"]
[EventDate "2023.??.??"]
[WhiteTeam "SF Nordost Berlin"]
[BlackTeam "SV Mattnetz Berlin e.V."]

1. Nf3 d5 2. c4 d4 3. b4 f6 4. e3 e5 5. Qa4+ Bd7 6. b5 Bc5 7. Bb2 dxe3 8. fxe3
e4 9. Nd4 Ne7 10. Nb3 Na6 11. Na5 Rb8 12. Nxb7 Rxb7 13. Qxa6 Rb6 14. Qa5 O-O
15. Nc3 Re6 16. Na4 Bb6 17. Qc3 c5 18. Be2 Rd6 19. O-O Ng6 20. Rad1 Bc8 21. Qc2
Re8 22. Ba3 Qc7 23. d4 exd3 24. Bxd3 Rxe3 25. Bc1 Qe7 26. Bxe3 Qxe3+ 27. Kh1
Bc7 28. Bxg6 hxg6 29. Rxd6 Bxd6 30. Qd1 Bc7 31. Qd5+ Be6 32. Qxc5 Qe2 33. Rg1
Be5 34. Qxa7 Qh5 35. g3 Bg4 36. Qe3 Bf3+ 37. Rg2 Qg4 38. Nc5 Kh7 39. Nd3 Bxg3
40. Nf2 Bxf2 41. Qxf2 Bxg2+ 42. Qxg2 Qd1+ 1/2-1/2

[Event "Lichtenberger Sommer 2023"]
[Site "Berlin"]
[Date "2023.08.20"]
[Round "9.11"]
[White "Jesse, Timo"]
[Black "Jahn, Thomas"]
[Result "0-1"]
[WhiteElo "2034"]
[BlackElo "2173"]
[PlyCount "44"]
[EventDate "2023.??.??"]
[WhiteTeam "ESV 1949 Eberswalde e.V."]
[BlackTeam "SV Empor Berlin e.V."]

1. e4 e5 2. Nf3 Nc6 3. Bc4 Nf6 4. Ng5 d5 5. exd5 Na5 6. Bb5+ c6 7. dxc6 bxc6 8.
Be2 h6 9. Nf3 e4 10. Ne5 Bd6 11. d4 exd3 12. Nxd3 Qc7 13. b3 Bb7 14. Bb2 O-O-O
15. h3 c5 16. O-O c4 17. bxc4 Nxc4 18. Bxf6 gxf6 19. Bf3 Rhg8 20. Nd2 Nxd2 21.
Bxb7+ Qxb7 22. f3 Nxf1 0-1

[Event "Lichtenberger Sommer 2023"]
[Site "Berlin"]
[Date "2023.08.20"]
[Round "9.12"]
[White "Kohler, Thomas"]
[Black "Knol, Daniel"]
[Result "1-0"]
[WhiteElo "2172"]
[BlackElo "1910"]
[PlyCount "83"]
[EventDate "2023.??.??"]
[WhiteTeam "SC Zitadelle Spandau 1977 e.V."]
[BlackTeam "Schaakvereniging Almere"]

1. c4 Nf6 2. Nc3 e6 3. Nf3 d5 4. d4 Be7 5. Bg5 O-O 6. e3 b6 7. cxd5 exd5 8. Bd3
h6 9. Bh4 Bb7 10. O-O Nbd7 11. Qe2 Ne4 12. Bg3 c5 13. Ba6 Nxg3 14. hxg3 Bxa6
15. Qxa6 Nf6 16. Ne5 Bd6 17. Rfd1 Re8 18. Nf3 c4 19. b3 Ne4 20. Nxe4 dxe4 21.
Nd2 cxb3 22. axb3 h5 23. Qb5 h4 24. g4 Re6 25. Rdc1 a6 26. Rxa6 Rxa6 27. Qxa6
Qg5 28. Nxe4 Qxg4 29. Nxd6 Rxd6 30. Qc8+ Qxc8 31. Rxc8+ Kh7 32. Kh2 g5 33. g3
Rf6 34. Rc2 Kg6 35. gxh4 gxh4 36. Kg2 Kf5 37. Kh3 Ke4 38. Rd2 Rh6 39. d5 Rd6
40. Rd4+ Ke5 41. f4+ Kf5 42. Kxh4 1-0

[Event "Lichtenberger Sommer 2023"]
[Site "Berlin"]
[Date "2023.08.20"]
[Round "9.13"]
[White "Bui, Bao Anh Le"]
[Black "Damm, Yannic"]
[Result "1/2-1/2"]
[WhiteElo "2162"]
[BlackElo "1873"]
[PlyCount "154"]
[EventDate "2023.??.??"]
[WhiteTeam "SV Mattnetz Berlin e.V."]
[BlackTeam "SC Bonn Beuel"]

1. e4 c5 2. Nf3 Nc6 3. Bb5 g6 4. c3 Nf6 5. e5 Nd5 6. O-O Bg7 7. d4 cxd4 8. cxd4
O-O 9. Nc3 Nxc3 10. bxc3 d6 11. exd6 Qxd6 12. a4 Qc7 13. Ba3 Be6 14. Qe2 Bd5
15. Rab1 Rfe8 16. Bxc6 Qxc6 17. Qb5 Bxf3 18. gxf3 Qxc3 19. Rb3 Qxd4 20. Bb2 Qf4
21. Bxg7 Kxg7 22. Rb4 Qxf3 23. Qxb7 Qxb7 24. Rxb7 a5 25. Rfb1 Ra6 26. R1b5 e5
27. Kf1 Ree6 28. Rc7 g5 29. Ke2 Kg6 30. Ke3 f6 31. Rcc5 Red6 32. Rxa5 Rxa5 33.
Rxa5 Rd4 34. Ra8 h5 35. a5 Ra4 36. a6 Kf5 37. Kf3 Ra3+ 38. Kg2 Kf4 39. a7 e4
40. h3 f5 41. Rh8 Rxa7 42. Rxh5 Rg7 43. Rh8 e3 44. fxe3+ Kxe3 45. Re8+ Kf4 46.
Ra8 Re7 47. Kf2 Re4 48. Ra3 Rb4 49. Rf3+ Ke5 50. Re3+ Re4 51. Rg3 Kf6 52. Ra3
f4 53. Kf3 Re1 54. Ra6+ Kf5 55. Ra5+ Kg6 56. Ra6+ Kh5 57. Ra8 Re3+ 58. Kg2 Rg3+
59. Kh2 Re3 60. Kg2 Kg6 61. Ra6+ Kf5 62. Ra5+ Re5 63. Ra2 g4 64. hxg4+ Kxg4 65.
Rb2 Re3 66. Rb8 Re2+ 67. Kf1 Kf3 68. Rb3+ Re3 69. Rb2 Ra3 70. Rf2+ Kg3 71. Rg2+
Kh3 72. Rg8 Rg3 73. Rh8+ Kg4 74. Kf2 Rf3+ 75. Kg2 Rg3+ 76. Kf2 Rf3+ 77. Kg2
Rg3+ 1/2-1/2

[Event "Lichtenberger Sommer 2023"]
[Site "Berlin"]
[Date "2023.08.20"]
[Round "9.14"]
[White "Bolon, Karelle"]
[Black "Brinkmann, Fabian"]
[Result "0-1"]
[WhiteElo "1899"]
[BlackElo "2147"]
[PlyCount "68"]
[EventDate "2023.??.??"]
[WhiteTeam "SF Berlin 1903 e.V."]
[BlackTeam "Hamburger SK von 1830 eV"]

1. d4 Nf6 2. c4 e6 3. g3 d5 4. Nf3 Bb4+ 5. Bd2 Be7 6. Bg2 O-O 7. Qc2 a6 8. O-O
dxc4 9. a4 Nbd7 10. Qxc4 b5 11. Qc2 Bb7 12. Bf4 c5 13. dxc5 Nxc5 14. Rd1 Qa5
15. Bd2 b4 16. Ne5 Nce4 17. Nd7 Nxd7 18. Bxe4 Rac8 19. Bxh7+ Kh8 20. Bc3 Nb6
21. Be4 Bxe4 22. Qxe4 bxc3 23. Nxc3 Bf6 24. Rab1 Bxc3 25. Qh4+ Kg8 26. bxc3 Nd5
27. Rd4 Nxc3 28. Rg4 f5 29. Rg5 Nxb1 30. Rh5 Qd5 31. Rh8+ Kf7 32. Qh5+ Ke7 33.
Qg5+ Kd6 34. Rh4 f4 0-1

[Event "Lichtenberger Sommer 2023"]
[Site "Berlin"]
[Date "2023.08.20"]
[Round "9.15"]
[White "Heinig, Wolfram"]
[Black "Stärk, Elisa"]
[Result "1-0"]
[WhiteElo "2254"]
[BlackElo "1965"]
[PlyCount "65"]
[EventDate "2023.??.??"]
[WhiteTeam "SK Zehlendorf e.V."]
[BlackTeam "SV Empor Berlin e.V."]

1. d4 Nf6 2. Bg5 Ne4 3. Bf4 c5 4. f3 Qa5+ 5. c3 Nf6 6. d5 Qb6 7. Bc1 d6 8. e4
g6 9. Na3 Bg7 10. Nc4 Qc7 11. a4 Nbd7 12. Nh3 Ne5 13. Nf2 Nxc4 14. Bxc4 O-O 15.
O-O Bd7 16. Be3 a6 17. Qd3 Rfc8 18. a5 Qd8 19. f4 Ne8 20. h3 Nc7 21. f5 Bb5 22.
Ng4 Bxc4 23. Qxc4 Ne8 24. Nh6+ Bxh6 25. Bxh6 b6 26. e5 b5 27. Qg4 Ng7 28. e6
Qe8 29. fxg6 fxg6 30. Bxg7 Kxg7 31. Rf7+ Kh8 32. Qh4 Qg8 33. Qxe7 1-0

[Event "Lichtenberger Sommer 2023"]
[Site "Berlin"]
[Date "2023.08.20"]
[Round "9.16"]
[White "Petersen, Soren Boeck"]
[Black "Witte, Ronald"]
[Result "1/2-1/2"]
[WhiteElo "2179"]
[BlackElo "1973"]
[PlyCount "45"]
[EventDate "2023.??.??"]
[WhiteTeam "vereinslos"]
[BlackTeam "BSV 63 Chemie Weißensee"]

1. e4 c5 2. c3 Nf6 3. e5 Nd5 4. Nf3 Nc6 5. d4 cxd4 6. cxd4 g6 7. Nc3 Nxc3 8.
bxc3 Bg7 9. Bf4 O-O 10. Bd3 d5 11. exd6 exd6 12. O-O d5 13. Re1 Bg4 14. Rb1 Na5
15. h3 Bxf3 16. Qxf3 a6 17. Re2 Rc8 18. Bc2 Qd7 19. Rbe1 Qc6 20. Be5 Bxe5 21.
Rxe5 Qxc3 22. Qxc3 Rxc3 23. Rxd5 1/2-1/2

[Event "Lichtenberger Sommer 2023"]
[Site "Berlin"]
[Date "2023.08.20"]
[Round "9.17"]
[White "Zur, Jan"]
[Black "Rogozenco, Teodora"]
[Result "1-0"]
[WhiteElo "2122"]
[BlackElo "1952"]
[PlyCount "105"]
[EventDate "2023.??.??"]
[WhiteTeam "SC Rotation Pankow e.V."]
[BlackTeam "Hamburger SK von 1830 eV"]

1. e4 e5 2. Nf3 Nc6 3. Bb5 a6 4. Ba4 Nf6 5. O-O Be7 6. Bxc6 dxc6 7. d3 Bg4 8.
h3 Bxf3 9. Qxf3 Qd7 10. Nd2 O-O-O 11. Nc4 Qe6 12. Be3 g6 13. a4 Nd7 14. Rfe1 f5
15. exf5 gxf5 16. Bd4 Bf6 17. Qe3 Qd5 18. Bxe5 Nxe5 19. Nxe5 Rhg8 20. g3 Rde8
21. d4 c5 22. c3 cxd4 23. cxd4 Bg5 24. Qd3 f4 25. Qf5+ Qe6 26. Qxe6+ Rxe6 27.
g4 Rb6 28. Nd3 Rd8 29. Re4 f3 30. a5 Rb5 31. Ra4 Rb3 32. Ne5 Rf8 33. Nc4 Rd3
34. Ra1 Bf6 35. Ne5 Rb3 36. Rf4 Bg7 37. Rxf8+ Bxf8 38. Re1 Bh6 39. h4 Bd2 40.
Re4 Rxb2 41. g5 Rb5 42. Rg4 c5 43. Nc4 Rb1+ 44. Kh2 Be1 45. Kg3 cxd4 46. Rxd4
Ra1 47. h5 Ra2 48. Nd6+ Kd7 49. Ne4+ Ke7 50. g6 hxg6 51. hxg6 Rxa5 52. g7 Bxf2+
53. Kxf2 1-0

[Event "Lichtenberger Sommer 2023"]
[Site "Berlin"]
[Date "2023.08.20"]
[Round "9.18"]
[White "Omar, Samy"]
[Black "Vogel, Robert"]
[Result "0-1"]
[WhiteElo "1896"]
[BlackElo "2104"]
[PlyCount "66"]
[EventDate "2023.??.??"]
[WhiteTeam "vereinslos"]
[BlackTeam "SK München Südost e.V."]

1. d4 Nf6 2. Bf4 g6 3. Nc3 Bg7 4. e4 d6 5. Qd2 O-O 6. h4 h5 7. O-O-O Nc6 8. f3
a6 9. Bh6 e5 10. Bxg7 Kxg7 11. Nge2 b5 12. d5 Na5 13. b3 Bd7 14. Nb1 Nb7 15.
Kb2 a5 16. a3 Nc5 17. Nc1 Qb8 18. Nd3 Qb6 19. Be2 Rfb8 20. Nxc5 Qxc5 21. b4
axb4 22. axb4 Qa7 23. Qc3 Rc8 24. Na3 c6 25. dxc6 Rxc6 26. Qb3 Be6 27. Nxb5 Qf2
28. Qd3 Ra2+ 29. Kb1 Rcxc2 30. Nc3 Rab2+ 31. Ka1 Qa7+ 32. Qa6 Ra2+ 33. Nxa2
Rxa2+ 0-1

[Event "Lichtenberger Sommer 2023"]
[Site "Berlin"]
[Date "2023.08.20"]
[Round "9.19"]
[White "Plump, Detlef"]
[Black "Gmeiner, Joram"]
[Result "1/2-1/2"]
[WhiteElo "2089"]
[BlackElo "1847"]
[PlyCount "66"]
[EventDate "2023.??.??"]
[WhiteTeam "Bremer SG von 1877"]
[BlackTeam "SF Siemensstadt"]

1. e4 c5 2. Nf3 d6 3. d4 cxd4 4. Nxd4 Nf6 5. Nc3 g6 6. Bc4 Bg7 7. h3 O-O 8. Bb3
Nc6 9. Be3 Qa5 10. O-O Nxd4 11. Bxd4 b5 12. Nd5 e5 13. Bc3 Qd8 14. Nxf6+ Qxf6
15. a4 Bb7 16. Bd5 Bxd5 17. Qxd5 bxa4 18. Rxa4 Qe7 19. Ra6 Rfd8 20. Rd1 Bf8 21.
Ba5 Rdb8 22. b3 Qb7 23. Rc6 Qb5 24. Bc7 Qxd5 25. Rxd5 Rc8 26. Rc4 a6 27. Kf1
Ra7 28. Bxd6 Rxc4 29. bxc4 Bxd6 30. Rxd6 Rc7 31. Rxa6 Rxc4 32. Ra5 f6 33. Ra7
g5 1/2-1/2